00732nam a22001937a 4500999001900000010001500019020003100034035001400065037001300079082001000092100002000102245005900122260004000181270012800221300002100349500002200370942002400392952012200416 c166974d166974 aENG-126197 a978-93-86761-12-5c1495.00 aEN-109729 bDBAD/PUB a320.3 aThakur, Sadhana aComparative Government And Politics/cby Sadhna Thakur aNew DelhibAne Books Pvt.Ltd.c2017 a4821,Parwana Bhawan 1st Floor 24 Ansari Road, Darya GanjbNew Delhi e110002k+91(011)23276843,2814209manebookschennai.com av279p.b23cm(hb) aits include index 2ddccENh320.3mTHA 001040708NFICaAVbAVd2019-08-19eDBAD/PUBg1495.00l0o320.3 THApEN-109729r2019-08-19 00:00:00t1v1495.00yEN